<?xml version="1.0" encoding="UTF-8"?>
<record
    xmlns:xsi="http://www.w3.org/2001/XMLSchema-instance"
    xsi:schemaLocation="http://www.loc.gov/MARC21/slim http://www.loc.gov/standards/marcxml/schema/MARC21slim.xsd"
    xmlns="http://www.loc.gov/MARC21/slim">

  <leader>02811nam a2200289 a 4500</leader>
  <controlfield tag="003">OSt</controlfield>
  <controlfield tag="005">20251029105721.0</controlfield>
  <controlfield tag="007">cr ||||||a|c|a</controlfield>
  <controlfield tag="008">230519s2020    mx ||||fom||| 001 0 s   d</controlfield>
  <datafield tag="040" ind1=" " ind2=" ">
    <subfield code="e">rda</subfield>
  </datafield>
  <datafield tag="100" ind1="1" ind2=" ">
    <subfield code="9">129428</subfield>
    <subfield code="a">M&#xE9;ndez P&#xE9;rez, Alfredo</subfield>
  </datafield>
  <datafield tag="245" ind1="1" ind2="0">
    <subfield code="a">Sistema agroforestal de los huertos familiares en la costa de Oaxaca, M&#xE9;xico /</subfield>
    <subfield code="c">Por Alfredo M&#xE9;ndez P&#xE9;rez; director de tesis Di&#xF3;doro Granados S&#xE1;nchez.</subfield>
  </datafield>
  <datafield tag="264" ind1=" " ind2="1">
    <subfield code="a">Chapingo, M&#xE9;xico :</subfield>
    <subfield code="b">El autor,</subfield>
    <subfield code="c">2020.</subfield>
  </datafield>
  <datafield tag="300" ind1=" " ind2=" ">
    <subfield code="a">1 recurso en l&#xED;nea (55 p&#xE1;ginas):</subfield>
    <subfield code="b">Cuadros y figuras</subfield>
  </datafield>
  <datafield tag="336" ind1=" " ind2=" ">
    <subfield code="2">rdacontent</subfield>
    <subfield code="a">texto</subfield>
    <subfield code="b">txt</subfield>
  </datafield>
  <datafield tag="337" ind1=" " ind2=" ">
    <subfield code="2">rdamedia</subfield>
    <subfield code="a">computadora</subfield>
    <subfield code="b">c</subfield>
  </datafield>
  <datafield tag="338" ind1=" " ind2=" ">
    <subfield code="2">rdacarrier</subfield>
    <subfield code="a">recurso en l&#xED;nea</subfield>
    <subfield code="b">cr</subfield>
  </datafield>
  <datafield tag="502" ind1=" " ind2=" ">
    <subfield code="b">MCCF</subfield>
    <subfield code="c">DICIFO</subfield>
    <subfield code="d">2020</subfield>
    <subfield code="g">MAE</subfield>
  </datafield>
  <datafield tag="504" ind1=" " ind2=" ">
    <subfield code="a">Incluye referencias bibliogr&#xE1;ficas: p&#xE1;ginas -26-29-31-34</subfield>
  </datafield>
  <datafield tag="520" ind1=" " ind2=" ">
    <subfield code="a">Los huertos familiares (HF) o solares son sistemas productivos tradicionales, en la regi&#xF3;n costa de Oaxaca representan una fuente de recursos gen&#xE9;ticos, conocimientos ancestrales y de seguridad alimentaria, hoy en d&#xED;a se encuentran en riesgos de desaparecer, principalmente por cultivar especies introducidas. El objetivo del estudio fue analizar la estructura, funci&#xF3;n y usos de la biodiversidad de los HF distribuidos en la regi&#xF3;n costa de Oaxaca. Se seleccionaron 30 sitios al azar donde se aplicaron entrevistas semiestructuradas a los due&#xF1;os de los HF, se estim&#xF3; la riqueza de especies (S) y el &#xED;ndice de dominancia de especies (D); para la estructura y composici&#xF3;n vegetal se realiz&#xF3; una clasificaci&#xF3;n de la composici&#xF3;n flor&#xED;stica y una ordenaci&#xF3;n directa con las caracter&#xED;sticas ed&#xE1;ficas de los sitios m&#xE1;s representativos. Se obtuvieron un registro total de 106 especies vegetales, pertenecientes a 47 familias bot&#xE1;nicas, entre las m&#xE1;s representativas se encuentran las Anacardiaceae, Solanaceae y Annonaceae; agrupados en seis asociaciones; coco-palma, guaje-guan&#xE1;bana, coco-noni, zapote-mango, pl&#xE1;tano-palma, zapote-papaya. Las especies m&#xE1;s importantes son; mango ataulfo (Mangifera indica L.), ciruela mexicana roja (Spondias purpurea L.), zapote mamey (Pouteria zapota (Jacq.) H.E. Moore &amp; Stearn), albahaca (Ocimum basilicum L.) y epazote (Dysphania ambrosioides L.). A nivel comparativo existe variabilidad entre asociaciones que depende de las necesidades principales de la unidad familiar principalmente uso comestible y medicinal, a la vez es una fuente de ingreso econ&#xF3;mico y de productos para autoconsumo.</subfield>
  </datafield>
  <datafield tag="650" ind1=" " ind2="4">
    <subfield code="9">129657</subfield>
    <subfield code="a">Huertos familiares</subfield>
    <subfield code="x">Rendimiento</subfield>
  </datafield>
  <datafield tag="650" ind1=" " ind2="4">
    <subfield code="9">2000</subfield>
    <subfield code="a">Agricultura dom&#xE9;stica</subfield>
  </datafield>
  <datafield tag="650" ind1=" " ind2="4">
    <subfield code="9">146108</subfield>
    <subfield code="a">Diversidad flor&#xED;stica</subfield>
  </datafield>
  <datafield tag="700" ind1="1" ind2=" ">
    <subfield code="9">50356</subfield>
    <subfield code="a">Granados S&#xE1;nchez, Di&#xF3;doro</subfield>
    <subfield code="e">director.</subfield>
  </datafield>
  <datafield tag="856" ind1=" " ind2=" ">
    <subfield code="u">http://10.13.5.2/tesis/tm/Mendez_Perez_Alfredo.pdf</subfield>
    <subfield code="z">DESCARGAR PDF</subfield>
  </datafield>
  <datafield tag="942" ind1=" " ind2=" ">
    <subfield code="2">Clasificaci&#xF3;n Universidad Aut&#xF3;noma Chapingo</subfield>
    <subfield code="c">TD</subfield>
  </datafield>
  <datafield tag="999" ind1=" " ind2=" ">
    <subfield code="c">218796</subfield>
    <subfield code="d">218796</subfield>
  </datafield>
  <datafield tag="952" ind1=" " ind2=" ">
    <subfield code="0">0</subfield>
    <subfield code="1">0</subfield>
    <subfield code="2">local</subfield>
    <subfield code="4">0</subfield>
    <subfield code="5">1</subfield>
    <subfield code="7">0</subfield>
    <subfield code="8">TesDigM</subfield>
    <subfield code="a">BD</subfield>
    <subfield code="b">BD</subfield>
    <subfield code="c">E_L</subfield>
    <subfield code="d">2023-05-19</subfield>
    <subfield code="l">0</subfield>
    <subfield code="o">Tesis digital</subfield>
    <subfield code="r">2023-05-19 00:00:00</subfield>
    <subfield code="w">2023-05-19</subfield>
    <subfield code="y">TD</subfield>
  </datafield>
</record>
